000 00307nam a22001337a 4500
008 171018b xxu||||| |||| 00| 0 eng d
020 _a9780073381244
041 _aeng
080 _216 ED
_a338
100 _a53
101 _aMEN
245 _aCRAFTING EXECUTING STRATEGY
_cGAMBLE.J.E
942 _2udc
_cBK
999 _c34677
_d34677